| Tag |
First Indicator |
Second Indicator |
Subfields |
| LEADER |
00000cam a2200000Ia 4500 |
| 001 |
in00004060621 |
| 005 |
20211120102218.0 |
| 008 |
161006s1952 mdu ob f000 0 eng d |
| 024 |
8 |
|
|a GOVPUB-C13-f88816708b60610f0a8ad12a6c8cf0c1
|
| 035 |
|
|
|a (OCoLC)ocn959982772
|
| 040 |
|
|
|a NBS
|b eng
|e rda
|c NBS
|d OCLCO
|d OCLCF
|d OCLCQ
|d MvI
|
| 049 |
|
|
|a WWW
|
| 074 |
|
|
|a 9999 (online)
|
| 086 |
0 |
|
|a C 13.38:1628
|
| 100 |
1 |
|
|a Forsythe, George E.
|
| 245 |
1 |
0 |
|a Bibliographical survey of Russian mathematical monographs, 1930 to 1951 /
|c George E. Forsythe.
|
| 264 |
|
1 |
|a Gaithersburg, MD :
|b U.S. Dept. of Commerce, National Institute of Standards and Technology,
|c 1952.
|
| 300 |
|
|
|a 1 online resource.
|
| 336 |
|
|
|a text
|b txt
|2 rdacontent
|
| 337 |
|
|
|a computer
|b c
|2 rdamedia
|
| 338 |
|
|
|a online resource
|b cr
|2 rdacarrier
|
| 490 |
1 |
|
|a NBS report ;
|v 1628
|
| 500 |
|
|
|a 1952.
|
| 500 |
|
|
|a Contributed record: Metadata reviewed, not verified. Some fields updated by batch processes.
|
| 500 |
|
|
|a Title from PDF title page.
|
| 504 |
|
|
|a Includes bibliographical references.
|
| 650 |
|
0 |
|a Light
|x Scattering.
|
| 650 |
|
7 |
|a Light
|x Scattering.
|2 fast
|0 (OCoLC)fst00998499
|
| 700 |
1 |
|
|a Forsythe, George E.
|
| 710 |
1 |
|
|a United States.
|b National Bureau of Standards.
|
| 830 |
|
0 |
|a NBS report ;
|v 1628.
|
| 856 |
4 |
0 |
|u https://purl.fdlp.gov/GPO/gpo105120
|t 0
|
| 999 |
f |
f |
|s 04a49457-b10c-3bba-b2b9-eb0746259aa9
|i c8fcffa0-649d-3528-9973-e9287316e0ad
|t 0
|
| 952 |
f |
f |
|a Texas A&M University
|b College Station
|c Electronic Resources
|d Available Online
|t 0
|e C 13.38:1628
|h Superintendent of Documents classification
|
| 998 |
f |
f |
|a C 13.38:1628
|t 0
|l Available Online
|